Statistics for Progressive General Knowledge Test #2

Click here to take the quiz!

General Stats

  • This quiz has been taken 1,208 times
    (1,194 since last reset)
  • The average score is 12 of 20

Answer Stats

QuestionAnswer% Correct
What is the opposite to the North Pole?South Pole
100%
Name the capital of Japan.Tokyo
100%
How many train stations are there in the traditional monopoly?4
98%
What is the 23rd letter of the alphabet?W
98%
With which of the arts do we associate Vincent van Gogh?Painting
87%
How many gospels are in the New Testament?4
84%
Name one of their writers.Matthew | Mark | Luke | John
79%
What colour is Winnie the Pooh's shirt?Red
79%
What is the most popular fast food restaurant in the United States?McDonald's
78%
The letter J corresponds with which number on a telephone keypad?5
75%
What name is an aircraft flight recorder better known as?Black Box
69%
What is the capital of Fiji?Suva
52%
What name is given to the two ends of a magnet?Poles
45%
Who portrays Katniss Everdeen in the Hunger Games series?Jennifer Lawrence
38%
What is the name of the small bulbs that comprise a head of garlic?Cloves
28%
In golf, a birdie is one under par, what is one over par?Bogey
24%
What is the chemical symbol for potassium?K
22%
The Norweigian group Ylvis had a hit song in 2013 that asked what question?What does the fox say?
17%
Name the official residence of the President of France.The Elysee Palace
9%
Who was the first Prime Minister of Australia?Edmund Barton
6%

Score Distribution

Percentile by Number Answered

Percent of People with Each Score

Your Score History

You have not taken this quiz since the last reset